| 000 -LEADER |
| fixed length control field |
00724nam a2200229Ia 4500 |
| 020 ## - INTERNATIONAL STANDARD BOOK NUMBER |
| ISBN |
0785408614 |
| 040 ## - CATALOGING SOURCE |
| Transcribing agency |
BDR |
| 082 ## - DEWEY DECIMAL CLASSIFICATION NUMBER |
| Classification number |
650 AGS 1997 A106 Or. |
| 100 1# - MAIN ENTRY--AUTHOR NAME |
| Personal name |
Knox, Carolyn W. |
| 245 10 - TITLE STATEMENT |
| Title |
English for the world of work / |
| 246 3# - VARYING FORM OF TITLE |
| Title proper/short title |
AGS English for the world of work, teacher's edition |
| 246 3# - VARYING FORM OF TITLE |
| Title proper/short title |
English for the world of work, teacher's edition |
| 250 ## - EDITION STATEMENT |
| Edition statement |
Teacher's edition. |
| 260 ## - PUBLICATION, DISTRIBUTION, ETC. (IMPRINT) |
| Place of publication |
Circle Pines, Minn. : |
| Name of publisher |
American Guidance Service, |
| Year of publication |
c1997. |
| 300 ## - PHYSICAL DESCRIPTION |
| Number of Pages |
T16, viii, 303 p. : |
| Other physical details |
col. ill. ; |
| Dimensions |
29 cm. |
| 500 ## - GENERAL NOTE |
| General note |
Includes index. |
| 650 #0 - SUBJECT ADDED ENTRY--TOPICAL TERM |
| Topical Term |
Applications for positions |
| 650 #0 - SUBJECT ADDED ENTRY--TOPICAL TERM |
| Topical Term |
Employment interviewing |
| 650 #0 - SUBJECT ADDED ENTRY--TOPICAL TERM |
| Topical Term |
Success in business |
| 650 #0 - SUBJECT ADDED ENTRY--TOPICAL TERM |
| Topical Term |
English language |
| 942 ## - ADDED ENTRY ELEMENTS (KOHA) |
| Koha item type |
សៀវភៅភាសាអង់គ្លេស |
| 952 ## - LOCATION AND ITEM INFORMATION (KOHA) |
| Withdrawn status [LOCAL, KOHA] |
0 |